000 00444nam a2200157Ia 4500
001 65003
008 220128n2010 ii |||gr||||Z||||||465
020 _a9788186307052
082 _a330.954
100 _aBhuyan,Manjula Dowerah,
_eAuthor.
245 0 _aThe North Eastren Council,
_cManjula Dowerah Bhuyan
_hTextual Documents
260 _aGauhati
_bDVS Publishers
_c2010
300 _a264p.:
_c22cm.
653 _aIndian Economy
942 _2ddc
_cBK
999 _c66103
_d66103